000 00374cam a2200169ua 4500
020 _c1.50
041 _amal
_h
082 _a894.8121
_bKRI/NE
100 _aKrishnavarrier, N.V .
245 _aNeenda Kvithakal
260 _aKottayam :
_bNational Book Stall ,
_c1958.
300 _a93 ; .
365 _a1.50
504 _a
942 _cBK
999 _c4109
_d4109